Devinez le Département Mystère #98 - Statistiques

Statistiques générales
  • Ce quiz a été pris 124 fois
  • Le résultat moyen est 29 sur 35
Statistiques - réponses
Type de Réponse Réponse % Correct
Lettre Trouvée N
100%
Lettre de l'Alphabet R
100%
Lettre Trouvée E
99%
Lettre Trouvée I
99%
Lettre Trouvée S
99%
Lettre de l'Alphabet A
98%
Lettre de l'Alphabet O
98%
Lettre Trouvée L
97%
Lettre de l'Alphabet T
97%
Lettre de l'Alphabet H
94%
Lettre de l'Alphabet C
93%
Lettre de l'Alphabet U
93%
Lettre Trouvée V
93%
Lettre de l'Alphabet M
92%
Lettre de l'Alphabet D
90%
Lettre de l'Alphabet B
89%
Lettre de l'Alphabet G
81%
Lettre de l'Alphabet P
81%
Lettre de l'Alphabet F
79%
Lettre Bien Placée I
77%
Lettre de l'Alphabet Q
75%
Lettre de l'Alphabet Z
74%
Lettre Trouvée Y
73%
Lettre Bien Placée N
72%
Lettre Bien Placée S
72%
Lettre de l'Alphabet J
71%
Lettre de l'Alphabet X
69%
Lettre Bien Placée E
68%
Lettre Bien Placée E
67%
Lettre de l'Alphabet K
67%
Lettre Bien Placée L
67%
Lettre Bien Placée V
67%
Lettre de l'Alphabet W
67%
Lettre Bien Placée Y
67%
Département Mystère Yvelines
67%
Aucun quiz correspondant
Distribution des résultats
% des personnes avec chaque résultat
Percentile par nombre de réponses
Votre historique - résultats
Vous n’avez pas pris ce quiz